000 00521nam a2200217Ia 4500
999 _c65244
_d65244
003 0100
005 20171208115210.0
008 130303s9999 xx 000 0 und d
020 _a0313332460
040 _cARRUPELIB
050 _aGN657.R4T39
100 _aTaylor, Scott D.
_938126
245 _aCulture and customs of Zambia /
260 _aConnecticut
_bGreenwood Press
300 _a148p.
300 _b 23 cm
440 _aCulture and customs of Africa
_938127
650 _aEthnology
_zZambia
_919464
650 _aZambia
_xSocial life and customs
_938128
942 _2lcc
_01
_cMONOGRAPH